Visualizzazione normale
Vista MARC
- McFarland
di Personal Name
Records bibliografici associati: 1
001 - CONTROL NUMBER
- control field: 16441
003 - CONTROL NUMBER IDENTIFIER
- control field: IT-RoPau
005 - DATE AND TIME OF LATEST TRANSACTION
- control field: 20140313170718.0
008 - FIXED-LENGTH DATA ELEMENTS
- fixed length control field: 140313|| aca||aabn | a|a d
040 ## - CATALOGING SOURCE
- Original cataloging agency: IT-RoPau
- Transcribing agency: IT-RoPau
100 ## - HEADING--PERSONAL NAME
- Personal name: McFarland
- Miscellaneous information: Codice autore SPICS: 32994
- Relator term: Autore
- Name of part/section of a work: Stuck On You
670 ## - SOURCE DATA FOUND
- Source citation: Work cat.: (IT-RoPau)98886: Presley Elvis 16422, Elvis Presley-The Collection vol. 2